Estudio a nivel de perfil del proyecto adoquinamiento de calles en el Bo. Roger Hamguien II etapa Municipio Jinotega, Departamento de Jinotega
Presenta un estudio a nivel de perfil del proyecto adoquinamiento de calles en el bo. Roger Hamguien ii etapa municipio Jinotega, departamento de Jinotega, en el cual municipalidad ha venido planeando y desarrollando una serie de proyectos con el objetivo principal de reestructurar los daños ocasio...
| Main Authors: | , |
|---|---|
| Other Authors: | |
| Format: | Tesis Section = Libro |
| Language: | Undetermined Spanish |
| Published: |
Managua
UNI
2012
|
| Subjects: |
| LEADER | 01374nam a2200253Ia 4500 | ||
|---|---|---|---|
| 008 | 240830s9999 xx 000 0 und d | ||
| 040 | |a BIBLIOTECA-RUPAP T.Mon 625.8 B715 | ||
| 041 | |a spa | ||
| 082 | |a T.Mon 625.8 B715 | ||
| 100 | 1 | |a Bonilla Flores Azucena del Rosario | |
| 100 | 1 | |b Palacios Chavarría Gladys María | |
| 245 | 1 | 0 | |a Estudio a nivel de perfil del proyecto adoquinamiento de calles en el Bo. Roger Hamguien II etapa Municipio Jinotega, Departamento de Jinotega |
| 260 | |a Managua |b UNI |c 2012 | ||
| 300 | |a 90 p. :il. | ||
| 500 | |a Contiene: anexos. | ||
| 502 | |a Tesis (Ingeniero Civil)- UNI, 2012. | ||
| 520 | 3 | |a Presenta un estudio a nivel de perfil del proyecto adoquinamiento de calles en el bo. Roger Hamguien ii etapa municipio Jinotega, departamento de Jinotega, en el cual municipalidad ha venido planeando y desarrollando una serie de proyectos con el objetivo principal de reestructurar los daños ocasionados por tales fenómenos. Estos están avanzando de manera gradual a partir de una estrategia de financiamiento, donde se han utilizado los fondos de organismos donantes, en conjunto con los del municipio. | |
| 650 | 7 | |a PAVIMENTOS DE HORMIGON | |
| 650 | 7 | |b PAVIMENTOS DE CALLES | |
| 650 | 7 | |c PAVIMENTOS-DISEÑO Y CONSTRUCCION | |
| 700 | 1 | |a Tutor: |b Gutiérrez Mendoza, Carlos Antonio | |
| 942 | |c BK |2 ddc | ||
| 991 | |a TESIS | ||
| 999 | |c 18192 | ||